000 005350000a22001930004500
001 004818
003 MACL
005 20150916130250.0
008 150916b xxu||||| |||| 00| 0 eng d
040 _aMACL
_cMACL
041 _aEnglish
082 _a823/SHA
100 _aSharma, I.D.
_911572
245 _aThe Semantic Universe Of RajaRao
_bMind And Art Of Raja Rao As A story Teller
_cI.D. Sharma
260 _aDelhi
_c2006
_bIndian Publishers and Distributors,
350 _a350
650 _aFiction
_911573
942 _k823
_cBK
_2ddc
999 _c16702
_d16702